| 000 | 00342nam a2200133Ia 4500 | ||
|---|---|---|---|
| 008 | 150301s2011 xx 000 0 und d | ||
| 082 |
_a610 _bK11K |
||
| 100 | _aKUMAR PARVEEN | ||
| 245 | _aKUMAR AND CLARK'S CASES IN CLINICAL MEDICINE | ||
| 260 |
_bSAUNDERS _aEDINBURGH _c2011 |
||
| 300 | _a784 | ||
| 650 | _aGENERAL MEDICINE | ||
| 942 |
_2ddc _cBK |
||
| 999 |
_c6727 _d6727 |
||